| 000 | 00330nam a22001337a 4500 | ||
|---|---|---|---|
| 008 | 180924b xxu||||| |||| 00| 0 eng d | ||
| 020 | _a9780312479954 | ||
| 041 | _aeng | ||
| 080 |
_26th _a371 |
||
| 100 | _a25 | ||
| 101 | _aEDU | ||
| 245 |
_aSt. Martin's Handbook for the University of Kentucky _cLunsford, A.A |
||
| 942 |
_2udc _cBK |
||
| 999 |
_c48357 _d48357 |
||